000 00903nam a22003017a 4500
003 CHAP
005 20220329135204.0
008 971013s1967 r 00010 d
010 _a32352
011 _a33324
035 _a37439
040 _cCHAP
082 _a160
_bN5
100 0 0 _aNielsen, Harry A.
_981231
245 _aMethods of natural science ; an introduction
260 _aEnglewood Cliffs :
_bPrentice-Hall,
_c1967
300 _a70 p.
490 _aFundamentals of logic series
590 _aBATCH-UPD
_b10
_c20130110
_lUCH01
_h1420
590 _aBATCH-UPD
_b10
_c20130410
_lUCH01
_h0902
590 _aBATCH-UPD
_b10
_c20130914
_lUCH01
_h1730
590 _aCONVERSION
_b10
_c20130109
_lUCH01
_h1318
650 1 4 _aLógica.
_967611
830 0 _aFundamentals of logic series
_944024
901 _aBK
942 _cLIBRO
949 _a160 N5
_bBC
_cLIBRO
_d33724000228615
_eLIBRO
_h15534
_i37439
_si
999 _c32352
_d32352